• 首页
  • 本馆介绍
  • 公告通知
  • 最新文献
  • 馆藏检索
  • 电子资源
  • 读者导购
  • 参考咨询
  • 我的图书馆
  • 登录
  • 详细信息显示
  • 放入我的书架
  • 预约/预借图书
  • 作者相关作品
  • 分类相关作品
  • 丛书相关作品
  • 出版社相关作品

书目信息

  • 表格格式
  • 工作单格式
  • 卡片格式
题名:
中西美术收藏比较
    
 
作者: 李雪梅
分册:  
出版信息: 石家庄   河北美术出版社  2000
页数: 198
开本: 19cm
丛书名:
单 册:
中图分类: J042
科图分类:
主题词: 艺术--创作方法
电子资源:
ISBN: 7-5310-1137-9
000 00603nam0 2200193 450
001 0739037328
005 20070817105037.32
010    @a7-5310-1137-9@b精装@d¥35.00
100    @a20070817d km y0chiy0120 ea
101 0  @achi
200 1  @a中西美术收藏比较@Azhong xi mei shu shou cang bi jiao@e中西美术比较十书@f李雪梅@Fli xue mei
210    @a石家庄@c河北美术出版社@d2000
215    @a198@d19cm
517 1  @a中西美术比较十书@Azhong xi mei shu bi jiao shi shu
606 0  @a艺术@x创作方法
690    @aJ042@v3
701  0 @a李雪梅@Ali xue mei
801  0 @aCN@bPFT@c20070817
905    @a213230@dJ042@eM46@f1
    
    中西美术收藏比较:中西美术比较十书/李雪梅.-石家庄:河北美术出版社,2000
    198;19cm
    
    
    ISBN 7-5310-1137-9(精装):¥35.00
    
●
相关链接 在E读中查询图书 在五车中查询图书 在当当中查询图书 在豆瓣中查询图书


正题名:中西美术收藏比较     索取号:J042/M46         预约/预借

序号 登录号 条形码 馆藏地/架位号 状态 备注
1 6400193   264001939   密集书库-美术系/ [索取号:J042/M46] 在馆    
唐山师范学院图书馆 欢迎您!
大连网信软件有限公司© 版权所有